| 000 | 00651cam a2200193 a 4500 | ||
|---|---|---|---|
| 020 | _a0070379564 : | ||
| 082 | 0 |
_a551.48 _bLIN _cL-22,P-34 |
|
| 100 | 1 |
_aLinsley, Ray K. _92147 |
|
| 245 | 1 | 0 |
_aHydrology for engineers / _cRay K. Linsley, Jr., Max A. Kohler, Joseph L.H. Paulhus. |
| 250 | _a3rd ed. | ||
| 260 |
_aNew York : _bMcGraw-Hill, _cc1982. |
||
| 300 |
_axx, 508 p. : _bill. ; _c25 cm. |
||
| 490 | 1 | _aMcGraw-Hill series in water resources and environmental engineering | |
| 526 |
_a0 _b0 _c0 _d551_480000000000000_LIN |
||
| 650 | 0 | _aHydrology. | |
| 700 | 1 |
_aKohler, Max Adam, _940412 |
|
| 700 | 1 |
_aPaulhus, Joseph L. H. _940413 |
|
| 942 |
_2ddc _cBK |
||
| 999 |
_c544710 _d544710 |
||